1634 1512 1253 1827 1431 1596 1940 1515 1185 1000 1615 1974 1629 1486 1606 1514 1865 1799 1227 1341 1683 1679 1477 1661 1280 1488 1964 1096 1818 1382 1463 1665 1922 1446 1088 1807 1724 1394 1680 1864 1716 1856 1813 1272 1534 1054 1551 1324 1182 1621 1556 1042 1913 1481 1492 1552 1696 1888 1359 1138 1815 1890 1912 1838 1983 1364 1886 1820 1843 1391 1645 1542 1351 1849 1590 1604 1179 1770 1706 1184 1065 1228 1955 1749 1349 1132 1082 1335 1104 1143 1170 1099 1239 1441 1475 1635 1173 1490 1912 BCNSPRNW ULIB Ver.6.0+V

เปลี่ยนเป็นภาษาไทย

Change to English
 แสดงรายละเอียดบรรณานุกรม
  กลับหน้าหลัก

Brief Record : Get Marc (ISO 2709) : E-mail record : QR code < ปิดหน้าต่าง
LEADER : 00000nam 2200000uu 4500
001    13399108779
003     ULIB
008    110314s2552||||th 000 0 tha d
020    9789742991289
060 04 W20.5^bจ153ค 2552
245 00 เคล็ดไม่ลับ R2R :^bบริบทโรงพยาบาลศูนย์/ทั่วไป/ชุมชน /^cบรรณาธิการ, จรวยพร ศรีศศลักษณ์, สรชัย จำเนียรดำรงการ
250    พิมพ์ครั้งที่ 1
260    กรุงเทพฯ :^bแผนงานพัฒนาเครือข่ายวิจัยในรูปแบบวิจัยจากงานประจำสถาบันวิจัยระบบสาธารณสุข,^c2552
300    218 หน้า :^bภาพประกอบ ;^c21 ซม.
650  7 วิจัย
650  7 การแพทย์^xวิจัย
650  7 โรงพยาบาล^xการพัฒนาบุคลากร
653    อาร์ทูอาร์
653    งานประจำสู่การวิจัย
700 0  จรวยพร ศรีศศลักษณ์,^eบรรณาธิการ
700 0  สรชัย จำเนียรดำรงการ,^eบรรณาธิการ
710 2  สถาบันวิจัยระบบสาธารณสุข.^bแผนงานพัฒนาเครือข่ายวิจัยในรูปแบบวิจัยจากงานประจำ
945    ^p250^l0^i027709
995    ทศพร
999 ^a ใช้งานได้ทุกระบบ
รายการนี้ยังไม่มีแท็ก
คุณยังไม่ได้ล็อกอิน คุณสามารถมีกิจกรรมร่วมกับเว็บไซต์ได้ แต่ต้องล็อกอินก่อน ::
  ล็อกอิน

รายการสื่อสารสนเทศ

ลำดับที่ ประเภท เลขเรียก/บาร์โค้ด สถานที่ สถานะ
- ไม่พบข้อมูล -

รายการใกล้เคียง
    หัวเรื่อง [วิจัย]

BibComment


ยังไม่เคยถูกคอมเมนท์

คอมเมนท์ทรัพยากรรายการนี้
  คอมเมนท์: เคล็ดไม่ลับ R2R ..


 Copyright 2026. Bcnsprnw @Library